Statistics for foods that starts with A and B

Click here to take the quiz!

General Stats

  • This quiz has been taken 144 times
  • The average score is 11 of 15

Answer Stats

Answer% Correct
Apple
98%
Bacon
95%
Banana
95%
Avocado
89%
Almonds
88%
Apricot
87%
Broccoli
87%
Asparagus
86%
Burrito
80%
Basil
79%
Artichoke
70%
Anchovies
61%
Abalone
19%
Allspice
16%
Breadfruit
12%

Score Distribution

Percentile by Number Answered

Percent of People with Each Score

Your Score History

You have not taken this quiz